|
|
|
|
| LEADER |
01042nam a2200265 a 4500 |
| 001 |
GR-Patra19462 |
| 008 |
060522s1997 sp g 000 0 eng d |
| 020 |
|
|
|a 8425216621
|
| 040 |
|
|
|a GrPaTEI
|b gre
|c GR-PaULI
|
| 040 |
|
|
|a GrPaTEI
|b gre
|c GR-PaULI
|
| 082 |
|
0 |
|a 720.946720904
|2 21
|
| 100 |
1 |
|
|a Gonzàlez, Antoni
|
| 245 |
1 |
0 |
|a Barcelona :
|b architecture guide 1929-1996 /
|c Antoni Gonzalez, Raquel Lacuesta.
|
| 260 |
|
|
|a Barcelona :
|b Gustavo Gii,
|c c1997
|
| 300 |
|
|
|a 204 σ.: εικ. + χάρτης
|
| 504 |
|
|
|a Includes bibliography [p. 185-188] and index
|
| 650 |
|
0 |
|a Architecture
|x 20th century
|x Guidebooks
|
| 650 |
|
0 |
|a Buildings, structures, etc.
|x Guidebooks
|
| 651 |
|
0 |
|a Spain
|x Barcelona
|
| 700 |
1 |
|
|a Lacuesta, Raquel
|
| 710 |
0 |
|
|a Gustavo Gili
|
| 942 |
|
|
|2 ddc
|
| 952 |
|
|
|0 0
|1 0
|2 ddc
|4 0
|6 720_946720904000000_GON
|7 0
|9 299795
|a LISK
|b LISK
|c BSC
|d 2021-01-17
|e 24
|f 0
|g 0.00
|l 0
|o 720.946720904 GON
|p 92410014323
|r 2021-01-17 00:00:00
|t 1
|w 2021-01-17
|y BK15
|x 20060522 0 1
|x GrPaTEI
|
| 971 |
|
|
|a .b26669778
|b 15-04-20
|c 23-09-16
|
| 999 |
|
|
|c 174311
|d 174311
|